Normal view
MARC view
Entry Topical Term
001 - CONTROL NUMBER
- control field: 5502
003 - CONTROL NUMBER IDENTIFIER
- control field: HDC
005 - DATE AND TIME OF LATEST TRANSACTION
- control field: 20230624073216.0
008 - FIXED-LENGTH DATA ELEMENTS
- fixed length control field: 210119|| aca||aabn | a|a d
040 ## - CATALOGING SOURCE
- Original cataloging agency: HDC
- Transcribing agency: HDC
150 ## - HEADING--TOPICAL TERM
- Topical term or geographic name entry element: Lubricating oils
670 ## - SOURCE DATA FOUND
- Source citation: Work cat.: (HDC): Lawate, Saurabh, author 5501, Formulation Components for Incidental Food-Contact Lubricants /, 2009
